Normal view
MARC view
Entry Nome pessoal
001 - NÚMERO DE CONTROLE
- campo de controle: 150
003 - IDENTIFICADOR DO NÚMERO DE CONTROLE
- campo de controle: Br
005 - DATA E HORÁRIO DA ÚLTIMA TRANSAÇÃO
- campo de controle: 20250122143443.0
008 - CAMPO DE DADOS FIXOS
- campo de controle de tamanho fixo: 090512|| acnacaban aaaa d
035 ## - NÚMERO DE CONTROLE DO SISTEMA
- Número de Controle do Sistema: 2009051214195034med
040 ## - FONTE DA CATALOGAÇÃO
- Instituição da catalogação original: blrjbn
- Instituição que transcreveu o registro: blrjbn
100 1# - CABEÇALHO--NOME PESSOAL
- Nome pessoal: Black, Jonathan,
- Datas associadas ao nome: 1955-
500 1# - VEJA TAMBÉM COM O RASTREAMENTO - NOME PESSOAL
- Nome pessoal: Booth, Mark,
- Datas associadas ao nome: 1955-
670 ## - FONTE POSITIVA DOS DADOS
- Citação da fonte positiva dos dados: Autor de: Os mercadores da morte. [1989?]
670 ## - FONTE POSITIVA DOS DADOS
- Citação da fonte positiva dos dados: http://authorities.loc.gov 12/5/2009
- Dados encontrados na fonte localizada no subcampo: (Jonathan Black é o pseudônimo de Mark Gerard Booth, que nasceu em 17 de junho de 1955)
670 ## - FONTE POSITIVA DOS DADOS
- Citação da fonte positiva dos dados: http://br.librarything.com/author/blackjonathan